Fighting computer crime : a new framework for protecting information /

"A top computer crime expert explains why current computer security methods fall dangerously short of the mark and what we can do to fix them. Based on his 30 years as a cybercrime fighter, during which he interviewed more than 200 perpetrators and their victims, Donn B. Parker provides valuabl...

ver descrição completa

Na minha lista:
Detalhes bibliográficos
Autor principal: Parker, Donn B.
Formato: Livro
Publicado em: New York : Wiley , c1998.
Assuntos:
Acesso em linha:http://www.loc.gov/catdir/description/wiley033/98028151.html
Tags: Adicionar Tag
Sem tags, seja o primeiro a adicionar uma tag!

MARC

LEADER 00000cam a2200000 a 4500
020 |a 9780471163787  |c TZS 60,000/= 
040 |a MUL  |b eng.  |e AACR 
082 0 0 |a 343.0999 PAR 
100 1 |a Parker, Donn B. 
245 1 0 |a Fighting computer crime :  |b a new framework for protecting information /  |c Donn B. Parker. 
260 |a New York :  |b Wiley ,  |c c1998. 
300 |a xv, 512 p. ;  |c 24 cm. 
500 |a "Wiley computer publishing." 
504 |a Includes index. 
520 |a "A top computer crime expert explains why current computer security methods fall dangerously short of the mark and what we can do to fix them. Based on his 30 years as a cybercrime fighter, during which he interviewed more than 200 perpetrators and their victims, Donn B. Parker provides valuable technical insight about the means cybercriminals employ, as well as penetrating psychological insights into their criminal behavior and motivations."--Jacket 
546 |a eng. 
650 0 |a Computer crimes. 
650 0 |a Computer crimes 
650 0 |a Computer crimes - prevention 
650 0 |a Computer security. 
856 4 2 |u http://www.loc.gov/catdir/description/wiley033/98028151.html 
942 |c BK 
999 |c 1062  |d 1062